000
00315nam a22001457a 4500
008
221012b ||||| |||| 00| 0 eng d
020
_a
2900135130314
041
_a
eng
080
_a
343.9
082
_a
343.9
100
_a
31.2
101
_a
KRIM
245
_a
CRIMINOLOGY TODAY
_c
SCHMALLEGER
942
_2
udc
_c
BK
999
_c
58530
_d
58530